<?xml version="1.0" encoding="UTF-8"?>
<record
    xmlns:xsi="http://www.w3.org/2001/XMLSchema-instance"
    xsi:schemaLocation="http://www.loc.gov/MARC21/slim http://www.loc.gov/standards/marcxml/schema/MARC21slim.xsd"
    xmlns="http://www.loc.gov/MARC21/slim">

  <leader>01421nam a22002177a 4500</leader>
  <controlfield tag="008">250618b        |||||||| |||| 00| 0 eng d</controlfield>
  <datafield tag="020" ind1=" " ind2=" ">
    <subfield code="a">9783825352899</subfield>
  </datafield>
  <datafield tag="040" ind1=" " ind2=" ">
    <subfield code="c">tbs</subfield>
  </datafield>
  <datafield tag="041" ind1=" " ind2=" ">
    <subfield code="a">eng</subfield>
    <subfield code="a">ger</subfield>
  </datafield>
  <datafield tag="050" ind1=" " ind2=" ">
    <subfield code="a">PE1137 </subfield>
    <subfield code="b">.S29 2001</subfield>
  </datafield>
  <datafield tag="100" ind1=" " ind2=" ">
    <subfield code="a">Sauer, Walter</subfield>
    <subfield code="9">25514</subfield>
    <subfield code="e">author</subfield>
  </datafield>
  <datafield tag="245" ind1=" " ind2=" ">
    <subfield code="a">American English pronounciation</subfield>
    <subfield code="b">: a drillbook</subfield>
    <subfield code="c">/ Walter Sauer.</subfield>
  </datafield>
  <datafield tag="250" ind1=" " ind2=" ">
    <subfield code="a">Fourth edition.</subfield>
  </datafield>
  <datafield tag="260" ind1=" " ind2=" ">
    <subfield code="a">Heidelberg, Germany :</subfield>
    <subfield code="b">Universit&#xE4;tsverlag Winter </subfield>
    <subfield code="c">2011.</subfield>
  </datafield>
  <datafield tag="300" ind1=" " ind2=" ">
    <subfield code="a">128 pages :</subfield>
    <subfield code="b">illustrations ;</subfield>
    <subfield code="c">21 cm.</subfield>
  </datafield>
  <datafield tag="490" ind1=" " ind2=" ">
    <subfield code="a">Sprachwissenschaftliche Studienb&#xFC;cher ;</subfield>
    <subfield code="v">Erste Abteilung.</subfield>
  </datafield>
  <datafield tag="520" ind1=" " ind2=" ">
    <subfield code="a">'American English Pronunciation: A Drillbook' is designed to accompany lecture courses on American English phonetics and language laboratory classes in American English pronunciation at university level. It is equally suitable as a self-instructional program for anyone wishing to improve their American English pronunciation. Part I (Pronunciation Practice) provides pronunciation exercises to be used in conjunction with additional audio material (available on request) or following the model of a native speaker. Part II (Transcription Practice) presents model texts for phonetic transcription. In both parts, orthographic text and phonetic script appear on facing pages. Several phonetic puzzles are also included.</subfield>
  </datafield>
  <datafield tag="650" ind1=" " ind2="0">
    <subfield code="a">English language</subfield>
    <subfield code="x">Pronunciation</subfield>
    <subfield code="9">25516</subfield>
  </datafield>
  <datafield tag="650" ind1=" " ind2="0">
    <subfield code="a">Americanisms</subfield>
    <subfield code="9">25515</subfield>
  </datafield>
  <datafield tag="942" ind1=" " ind2=" ">
    <subfield code="2">lcc</subfield>
  </datafield>
  <datafield tag="952" ind1=" " ind2=" ">
    <subfield code="0">0</subfield>
    <subfield code="1">0</subfield>
    <subfield code="2">lcc</subfield>
    <subfield code="4">0</subfield>
    <subfield code="7">0</subfield>
    <subfield code="a">TBS</subfield>
    <subfield code="b">TBS</subfield>
    <subfield code="d">2025-06-18</subfield>
    <subfield code="l">0</subfield>
    <subfield code="o">P-EN LEARN SAU</subfield>
    <subfield code="p">B05766</subfield>
    <subfield code="r">2025-06-18</subfield>
    <subfield code="t">1</subfield>
    <subfield code="w">2025-06-18</subfield>
    <subfield code="y">ENGLISH</subfield>
  </datafield>
  <datafield tag="999" ind1=" " ind2=" ">
    <subfield code="c">4768</subfield>
    <subfield code="d">4768</subfield>
  </datafield>
</record>
